000096873 001__ 96873
000096873 005__ 20251001112457.0
000096873 008__ 200821s1608    sp  a   r     ||| | lat d
000096873 037__ $$aD_32_96_1
000096873 040__ $$aCAV$$bspa$$cCCPB-SIC$$dES-ZaU$$erdc
000096873 1102_ $$aDominicos.$$bCapítulo General ($$cRoma)$$d1589.
000096873 24510 $$aHaec sunt acta Capituli Generalis Romae celebrati ... anno Domini MDLXXXIX... sub... P.F. Hippolyto Maria Beccaria de Monte Regali... Ordinis Praedicatorum.
000096873 260__ $$aValentiae :$$bapud pud Philippum Mey,$$c1590.
000096873 300__ $$a[8], 31 p. ;$$c4º.
000096873 506__ $$aAccess copy available to the general public$$fUnrestricted
000096873 540__ $$9info:eu-repo/semantics/openAccess$$aby$$uhttps://creativecommons.org/licenses/by/4.0/deed.es
000096873 597__ $$aSign.: A-E4.
000096873 597__ $$aPort. con esc. xil. de la O. P.
000096873 61024 $$aDominicos$$vFuentes.$$xHistoria$$zItalia
000096873 7001_ $$aBeccaria, Ippolito Maria$$c(O.P.)
000096873 7001_ $$aMey, Felipe,$$eimp.
000096873 752__ $$aEspaña$$dValencia.
000096873 8564_ $$s4593170$$uhttps://zaguan.unizar.es/record/96873/files/D_32_96_1.pdf$$yTexto completo (PDF)
000096873 8564_ $$s53680$$uhttps://zaguan.unizar.es/record/96873/files/METS_carga_D_32_96_1.xml$$yFichero METS
000096873 8564_ $$s92098$$uhttps://zaguan.unizar.es/record/96873/files/D_32_96_1.jpg?subformat=icon$$xicon$$yTexto completo (PDF)
000096873 907__ $$a.b20384889$$b26-08-20$$c21-08-20
000096873 909CO $$ooai:zaguan.unizar.es:96873$$pfondo-historico$$pdriver
000096873 9271_ $$a100$$bpm$$d200821
000096873 945__ $$aD-32-96 (1)$$g1$$l100an$$nDIGITALIZACION 2020 facticio$$od$$p€0.00$$q-$$rf$$s-$$t20$$u0$$v0$$w0$$x0$$y.i2274650x$$z21-08-20
000096873 970__ $$aCCPB000000423-5
000096873 980__ $$aFH$$bfondos
000096873 998__ $$a100$$b21-08-20$$cm$$da$$ea$$flat$$gsp$$h0$$i0